LEADER 01852nam 22004333 450 001 9910163952703321 005 20250729080251.0 010 $a1-62517-221-4 035 $a(CKB)3710000001055748 035 $a(VLeBooks)9781625172211 035 $a(MiAaPQ)EBC32216187 035 $a(Au-PeEL)EBL32216187 035 $a(OCoLC)906814599 035 $a(EXLCZ)993710000001055748 100 $a20250729d1985 uy 0 101 0 $aeng 135 $aurcnu|||||||| 181 $ctxt$2rdacontent 182 $cc$2rdamedia 183 $acr$2rdacarrier 200 10$aTexas Treasure 205 $a1st ed. 210 1$aNEW YORK :$cNancy Yost Literary Agency,$d1985. 210 4$dİ1985. 215 $a1 online resource (1 p.) 225 1 $aA Lady and the Cowboy Romance Series ;$vv.1 311 08$a0-8217-1555-0 330 $aA Lady and the Cowboy Romance (#1)Opposites Attract...Dusty Rhoades is positive that the new schoolteacher, with her creamy skin and polished ways is worlds above him; but if he knows one thing, it's women; and recognizes that look in Priscilla's eyes... That tall Texas cowboy has to be the most unsettling man Priscilla Bedford has ever met! Dusty Rhoades has only to look at her, and she can feel her composure crumble to dust! One minute his high-handed arrogance infuriates her; the next, she aches to feel his lean, hard arms around her...Dusty may be a diamond in the rough, but he may just turn out to be her own Texas Treasure!. 410 2$aA Lady and the Cowboy Romance Series 608 $aHistorical fiction.$2gsafd 700 $aThompson$b Victoria$01232787 712 02$aCopyright Paperback Collection (Library of Congress) 801 0$bMiAaPQ 801 1$bMiAaPQ 801 2$bMiAaPQ 906 $aBOOK 912 $a9910163952703321 996 $aTexas treasure$92868560 997 $aUNINA LEADER 01943nam 2200577 a 450 001 9911006617503321 005 20170303150542.0 010 $a1-68015-033-2 010 $a1-281-99150-3 010 $a9786611991500 010 $a0-7277-3942-5 035 $a(CKB)1000000000784417 035 $a(OCoLC)893679088 035 $a(CaPaEBR)ebrary10868817 035 $a(SSID)ssj0000289289 035 $a(PQKBManifestationID)12113534 035 $a(PQKBTitleCode)TC0000289289 035 $a(PQKBWorkID)10384660 035 $a(PQKB)10373284 035 $a(MiAaPQ)EBC3307418 035 $a(StDuBDS)EDZ0000014402 035 $a(EXLCZ)991000000000784417 100 $a20100812d2000 fy 0 101 0 $aeng 135 $aur||||||||||| 181 $ctxt 182 $cc 183 $acr 200 00$aAsphalts in road construction /$fedited by Robert N. Hunter 205 $a[New ed.]. 210 $aLondon, GBR$cThomas Telford Publishing$d20000101 210 $cThomas Telford Publishing 215 $a1 online resource (586 p.) 300 $aPrevious ed.: published as Bituminous mixture in road construction. 1994. 311 08$a0-7277-2780-X 320 $aIncludes bibliographical references and index. 330 8 $a'Asphalts in Road Construction' reflects on the wide range of current practice associated with asphalts and flexible highway construction. It takes into account the major changes in asphalt materials and practice which have affected road design. 606 $aRoads$xDesign and construction 606 $aAsphalt 606 $aHighway engineering 615 0$aRoads$xDesign and construction. 615 0$aAsphalt. 615 0$aHighway engineering. 676 $a625.8/5 701 $aHunter$b Robert N$01825296 801 0$bStDuBDS 801 1$bStDuBDS 906 $aBOOK 912 $a9911006617503321 996 $aAsphalts in road construction$94392837 997 $aUNINA